Marxismo y literatura / (Record no. 9906)

MARC details
000 -LEADER
fixed length control field 01847nam a22002657a 4500
005 - DATE AND TIME OF LATEST TRANSACTION
control field 20231101105539.0
008 - FIXED-LENGTH DATA ELEMENTS--GENERAL INFORMATION
fixed length control field 210616b ||||| |||| 00| 0 spa d
020 ## - INTERNATIONAL STANDARD BOOK NUMBER
International Standard Book Number 84-8307-073-1
040 ## - CATALOGING SOURCE
Transcribing agency AR-FvUNAJ
082 14 - DEWEY DECIMAL CLASSIFICATION NUMBER
Edition number 14
Classification number 335.4
100 1# - MAIN ENTRY--PERSONAL NAME
Personal name Williams, Raymond
Dates associated with a name 1921-1988
9 (RLIN) 12930
245 10 - TITLE STATEMENT
Title Marxismo y literatura /
Statement of responsibility, etc Raymond Williams ; Prólogo de J. M. Castellet ; Traducción de Pablo di Masso
260 ## - PUBLICATION, DISTRIBUTION, ETC. (IMPRINT)
Place of publication, distribution, etc Buenos Aires :
Name of publisher, distributor, etc Ediciones Península,
Date of publication, distribution, etc c1977.
300 ## - PHYSICAL DESCRIPTION
Extent 245 p.
440 ## - SERIES STATEMENT/ADDED ENTRY--TITLE
9 (RLIN) 3580
Title Historia, Ciencia, Sociedad
Volume number/sequential designation 265
520 2# - SUMMARY, ETC.
Summary, etc [Marxismo y literatura, publicado originalmente en 1977, es fruto del esfuerzo de su autor por reexaminar las posiciones teóricas respecto a la cuestión que el título anuncia, no con la intención de ofrecer un sumario histórico, sino de contribuir a la crítica y el debate de una temática de plena vigencia. En la primera parte, Williams analiza cuatro conceptos básicos: cultura, lenguaje, literatura e ideología. En la segunda, expone su teoría cultural, que constituye una aportación inteligente y esclarecedora por el uso. Finalmente, en la tercera parte, aborda de lleno el hecho literario, sometiendo a un riguroso análisis las diversas ideas que, desde Plejánov o Gramsci, se han desarrollado en la teoría marxista. No cabe duda de que la voluntad de Williams, al escribir el presente ensayo, fue la de enriquecer críticamente el marxismo, pero manteniéndose siempre alejado de cuanto pueda suponer dirigismo o determinismo cultural.]
650 17 - SUBJECT ADDED ENTRY--TOPICAL TERM
Source of heading or term unescot
9 (RLIN) 813
Topical term or geographic name as entry element MARXISMO
650 27 - SUBJECT ADDED ENTRY--TOPICAL TERM
Source of heading or term unescot
9 (RLIN) 811
Topical term or geographic name as entry element CULTURA
650 27 - SUBJECT ADDED ENTRY--TOPICAL TERM
Source of heading or term unescot
9 (RLIN) 839
Topical term or geographic name as entry element IDEOLOGIA
650 17 - SUBJECT ADDED ENTRY--TOPICAL TERM
Source of heading or term unescot
9 (RLIN) 1588
Topical term or geographic name as entry element LITERATURA
700 1# - ADDED ENTRY--PERSONAL NAME
9 (RLIN) 19507
Personal name Castellet​​, José María
Relator term Prol.
700 1# - ADDED ENTRY--PERSONAL NAME
9 (RLIN) 19508
Personal name Di Masso, Pablo
Relator term Trad.
942 ## - ADDED ENTRY ELEMENTS (KOHA)
Source of classification or shelving scheme Dewey Decimal Classification
Item type Libro, folleto, traducción
980 ## - EQUIVALENCE OR CROSS-REFERENCE-SERIES STATEMENT--PERSONAL NAME/TITLE [LOCAL, CANADA]
Linkage 21567
Personal name Villalba
Field link and sequence number 21568
Miscellaneous information Nuñez
Holdings
Withdrawn status Lost status Source of classification or shelving scheme Damaged status Not for loan Home library Current library Date acquired Source of acquisition Total Checkouts Total Renewals Full call number Barcode Date last seen Date last borrowed Copy number Price effective from Koha item type
    Dewey Decimal Classification     Biblioteca Central Biblioteca Central 26/10/2023 Donación. 1 4 335.4 WILL ej.2 UNAJ23100306 30/05/2025 28/04/2025 2 26/10/2023 Libro, folleto, traducción

Lunes a Viernes 8:30 a 19:00 hs. Cerrado por mudanza
Av.Calchaqui 6200 Florencio Varela (CP188) 2°piso Edificio Mosconi Aula 209-210
Mail: bibliotecacentralunaj@gmail.com  
Whatsapp(54 9)1122668024    ❔Pregunte a la bibliotecaria
© Universidad Nacional Arturo Jauretche | Secretaría Académica | Biblioteca Central UNAJ